Countries With The Lowest Scrabble Score - Statistics

General Stats
  • This quiz has been taken 22 times
  • The average score is 7 of 13
Answer Stats
Points Country % Correct
6 Mali
70%
4 Iran
65%
6 India
60%
4 Laos
60%
6 Peru
60%
5 Togo
60%
6 Israel
55%
6 Oman
55%
6 Tonga
55%
5 Nauru
40%
6 Niger
40%
6 Russia
25%
6 Sudan
25%
No matching quizzes found
Score Distribution
Percent of People with Each Score
Percentile by Number Answered
Your Score History
You have not taken this quiz